00784 2200313 4500001002100000005001500021035002000036007000300056008004100059020002200100082001100122084001600133245007300149250001000222260003900232300003600271650001700307700001600324110001600340504002600356990001100382990001100393990001100404990001100415990001100426990001100437990001100448990001100459INLIS00000000000566720200630091241 a0010-0420000061ta200630 g 0 ind  a978-602-8871-12-9 a633.38 a633.38 KUM1 aKumpulan Obat Tradisional Nusantara /cTim Cahaya; editor, R.Sunnara acet.3 aJakarta :bRama Edukasitama,c2011 aiv, 100 hlm. :bilus. ;c25 cm. 4aTANAMAN OBAT0 aSUNNARA, R. aTIM, Cahaya aBibliografi : hlm.100 a7397 a a7397 b a7397 c a7397 d a7397 e a7397 f a7397 g a7397 h